000 00227nam a2200085Ia 4500
008 170620s9999 xx 000 0 und d
100 _aHarrell-Thomas W.
245 0 _aIndustrial Psychology
260 _bNew Delhi- Oxford & IBH Publishing Co.
260 _c2005
999 _c24096
_d24096